|
|
|
|
| LEADER |
00000cam a2200000 7i4500 |
| 001 |
0000005197 |
| 005 |
20021118093000.0 |
| 008 |
021118n |
| 020 |
|
|
|a 967995008
|
| 090 |
0 |
0 |
|a RA410.55.M4
|b M46
|
| 245 |
0 |
0 |
|a Mengubati yang sakit atau yang kaya? :
|b kenaikan kos untuk rawatan perubatan di Malaysia
|
| 260 |
2 |
|
|a Pulau Pinang :
|b Persatuan Pengguna Pulau Pinang ,
|c c1985
|
| 300 |
|
|
|a 67 ms. ; ;
|c 22 sm.
|
| 400 |
0 |
0 |
|a Laporan CAP ; no. 21
|
| 650 |
|
0 |
|a Medical care, Cost of
|z Malaysia
|
| 650 |
|
0 |
|a Medical fees
|z Malaysia
|
| 710 |
0 |
0 |
|a Persatuan Pengguna Malaysia
|
| 999 |
|
|
|a 1000033952
|b Book
|c OPEN SHELF (30 DAYS)
|e Gong Badak Campus
|